Largest Countries A-Z by Image Quiz Stats

Quiz Updated Oct 23, 2015

Challenge
Share
Tweet
Score 0/24 Timer 05:00
2 Plays Today
% Correct
Australia
99.2%
Brazil
98.6%
France
96.7%
Japan
94.8%
India
94.2%
Canada
92.3%
Russia
91.9%
Peru
88.5%
Mexico
87%
United States
86.3%
Qatar
85.4%
Germany
84.8%
% Correct
Oman
81.4%
Venezuela
80.1%
Yemen
80%
Tanzania
78.9%
Libya
75.5%
Democratic Republic of the Congo
74.6%
Honduras
72.1%
Zambia
71.9%
Ethiopia
71.8%
Saudi Arabia
70.3%
Niger
67.2%
Kazakhstan
66.7%

You're not logged in!

Compare scores with friends on all Sporcle quizzes.
Join for Free
OR
Log In

You Might Also Like...

Show Comments

Extras

Top Quizzes Today


Score Distribution

Your Account Isn't Verified!

In order to create a playlist on Sporcle, you need to verify the email address you used during registration. Go to your Sporcle Settings to finish the process.

Report this User

Report this user for behavior that violates our Community Guidelines.

Details: